000 00497cam a2200205 4500
008 090401t1989 xxu||||| |||| 00| 0 eng d
020 _a072820147X
035 _a(Sirsi) u28014
041 _aeng
050 _a711.14
100 _aDenyer-Green, Barry P. D.
245 _aCompulsory purchase and compensation
250 _a3rd ed.
260 _aLondon
_bEstates Gazette
_c1989
300 _axxxiii,397p. ; 22cm.
350 _a16.5
650 _aLAW
942 _n0
948 _c04/03/1997
999 _c89192
_d89192